000 00457nam a22001817a 4500
003 MPLRDC
005 20220104175505.0
008 210129b ||||| |||| 00| 0 eng d
020 _a967-67-0187-4
082 _a524.963 DEL v.2 1984
100 _a不详
245 _aBAHASA MALAYSIA KAEDAH UNIT (TINGKATAN DUA)
_c
250 _a第一版
260 _a
_bPUSTAKA DELTA PELAJA
_c1984
300 _b
650 _a
942 _cBK
_o524.963 DEL v.2 1984
999 _c60410
_d60400